Ayliva Quiz - Statistiken

Allgemein
  • Dieses Quiz wurde 174 mal gespielt
  • Das Durchschnittsergebnis liegt bei 5 aus 10
Antwortstatistiken
Frage Antwort % Korrekt
im welchen Jahr war Ayliva bei The Voice kids? 2025
84%
was ist ihr erster Song? Deine Schuld
72%
was ist ihr neuester Song? Wie?
72%
wann hat sie mit Musik begonnen? 2021
61%
was ist ihr richtiger Name? Elif Akar
60%
was ist ihr beliebtester song? Sie Weiß
60%
wann ist sie geboren? 4.April:1998
58%
wie alt ist Ayliva? 27 jahre
31%
was ist ihre abstammung? Türkische
19%
von was sind ihre Songs inspiriert? von ihrer Beziehungen und Erlebnissen
1%
Keine übereinstimmenden Quizze gefunden
Verteilung der Resultate
Anzahl Personen mit jedem Resultat
Perzentil nach korrekt beantworteten Fragen
Ihre Resultats-Entwicklung
Sie haben dieses Quiz noch nicht gespielt